Standarty ocenki RICS or RICS valuation standards (Record no. 115962)
[ view plain ]
| 000 -LEADER | |
|---|---|
| fixed length control field | 02370cad a22003615a 4500 |
| 001 - CONTROL NUMBER | |
| control field | L159503 |
| 008 - FIXED-LENGTH DATA ELEMENTS--GENERAL INFORMATION | |
| fixed length control field | 100312s2011 xxk f f 000 0 eng d |
| 020 ## - INTERNATIONAL STANDARD BOOK NUMBER | |
| International Standard Book Number | 9785961414585 |
| 035 ## - SYSTEM CONTROL NUMBER | |
| System control number | (Sirsi) u159503 |
| 041 0# - LANGUAGE CODE | |
| Language code of text/sound track or separate title | rus |
| 050 04 - LIBRARY OF CONGRESS CALL NUMBER | |
| Classification number | 333.332 $2 18 |
| 110 2# - MAIN ENTRY--CORPORATE NAME | |
| Corporate name or jurisdiction name as entry element | Royal Institution of Chartered Surveyors |
| 9 (RLIN) | 4900 |
| 240 00 - UNIFORM TITLE | |
| Uniform title | Red Book |
| 245 00 - TITLE STATEMENT | |
| Title | Standarty ocenki RICS or RICS valuation standards |
| Remainder of title | Aprel 2010 |
| 250 ## - EDITION STATEMENT | |
| Edition statement | 6th ed. (RICS Valuation Standards - April 2010 - Russian edition) |
| 260 ## - PUBLICATION, DISTRIBUTION, ETC. | |
| Place of publication, distribution, etc. | Moskva |
| Name of publisher, distributor, etc. | RICS |
| Date of publication, distribution, etc. | 2011 |
| 300 ## - PHYSICAL DESCRIPTION | |
| Extent | 188p. |
| 490 #0 - SERIES STATEMENT | |
| Series statement | RICS Guidance Note |
| 490 #0 - SERIES STATEMENT | |
| Series statement | RICS Red Book |
| 490 #0 - SERIES STATEMENT | |
| Series statement | RICS Practice Statement |
| 505 2# - FORMATTED CONTENTS NOTE | |
| Formatted contents note | Introduction: Purpose of these standards -- International Valuation Standards -- Enforcement of these Standards -- How these standards are arranged -- Amendments and exposure drafts -- Effective date -- Translations and national practice statements |
| 505 2# - FORMATTED CONTENTS NOTE | |
| Formatted contents note | Glossary |
| 505 2# - FORMATTED CONTENTS NOTE | |
| Formatted contents note | Practice statements: PS1 Compliance and ethical requirements -- PS2 Agreement of terms of engagement -- PS3 Basis of value -- PS4 Applications -- PS5 Investigations -- PS6 Valuation Reports |
| 505 2# - FORMATTED CONTENTS NOTE | |
| Formatted contents note | Guidance notes: GN1 Trade related property valuations -- GN2 Plant and equipment -- GN3 Valuations of portfolios and groups of properties --GN4 Mineral-bearing land and waste management -- GN5 Valuation uncertainty -- GN6 Personal property |
| 505 2# - FORMATTED CONTENTS NOTE | |
| Formatted contents note | Valuation information papers |
| 505 2# - FORMATTED CONTENTS NOTE | |
| Formatted contents note | Index |
| 520 ## - SUMMARY, ETC. | |
| Summary, etc. | RICS Valuation Standards (The Red Book) is issued by RICS Valuation Faculty and contains mandatory rules and best practice guidance for all RICS members undertaking valuations services worldwide. The standards contained in this sixth edition are compliant with current International Valuation Standards, published by the International Valuation Standards Committee (IVSC). |
| 520 ## - SUMMARY, ETC. | |
| Summary, etc. | This update of the sixth edition of the Red Book introduces new material and amendments effective from 1 July 2009. The standards in the sixth edition came into effect on 1 January 2008 and superseded the "RICS appraisal and valuation standards" (ISBN 1842191233). This reprint of the sixth edition supersedes the previous version (E146786). |
| 650 24 - SUBJECT ADDED ENTRY--TOPICAL TERM | |
| Topical term or geographic name entry element | RICS VALUATION STANDARDS |
| 651 #4 - SUBJECT ADDED ENTRY--GEOGRAPHIC NAME | |
| Geographic name | International |
| 690 ## - LOCAL SUBJECT ADDED ENTRY--TOPICAL TERM (OCLC, RLIN) | |
| Topical term or geographic name as entry element | PROPERTY-PROPERTY APPRAISAL AND VALUATION |
| 942 ## - ADDED ENTRY ELEMENTS (KOHA) | |
| Suppress in OPAC | 0 |
| Source of classification or shelving scheme | Dewey Decimal Classification |
| Withdrawn status | Lost status | Source of classification or shelving scheme | Damaged status | Not for loan | Home library | Current library | Shelving location | Date acquired | Total Checkouts | Full call number | Barcode | Date last seen | Copy number | Price effective from | Koha item type |
|---|---|---|---|---|---|---|---|---|---|---|---|---|---|---|---|
| Dewey Decimal Classification | London | London | RICS Boxes | 03/08/2017 | RICS 2011/66 | 30078511 | 06/08/2019 | 1 | 06/08/2019 | Archive |